|
|
|
|
| LEADER |
00000nab a2200000 a 4500 |
| 001 |
vtls000009538 |
| 003 |
SK-MaSNL |
| 005 |
20260304060756.0 |
| 008 |
250422c1978 xo 0 slo |
| 015 |
|
|
|a SNBRB19rr/mm-uuuuu
|
| 035 |
|
|
|a CL0019632
|
| 035 |
|
|
|a urn:nbn:sk:snk-abb0
|
| 035 |
|
|
|a (urnnbn)urn:nbn:sk:snk:ar-0049ri
|
| 035 |
|
|
|a (uuid)ffe40755-036c-481e-88a7-6b5700783890
|
| 040 |
|
|
|a SNKBUCL
|b slo
|c SNKBUCL
|e AACR2
|
| 041 |
0 |
|
|a slo
|
| 044 |
|
|
|a xo
|c SK
|
| 080 |
|
|
|a 37.01
|2 1981
|
| 080 |
|
|
|a 05
|2 1981
|
| 100 |
1 |
|
|a Buča, Juraj
|4 aut
|9 1344430
|
| 245 |
1 |
0 |
|a Našej "Jednotnej škole"
|c Juraj Buča
|
| 650 |
0 |
7 |
|a pedagogika
|2 snkbucl
|9 955
|
| 650 |
0 |
7 |
|a Jednotná škola (časopis)
|2 snkbucl
|9 1216628
|
| 655 |
|
7 |
|a články z novín a časopisov
|2 snkbucl
|9 267496
|
| 773 |
0 |
|
|t Jednotná škola
|g Roč. 30, č. 7 (1978), s. 577-578
|
| 850 |
|
|
|a Slovenská národná knižnica
|
| 852 |
|
|
|a Slovenská národná knižnica
|
| 954 |
|
|
|a odborná, vedecká literatúra pôvodná (slovenská)
|2 lita
|
| 958 |
|
|
|a article27
|
| 958 |
|
|
|a OND
|
| 958 |
|
|
|a RK
|
| 958 |
|
|
|a EUIPO
|
| 992 |
|
|
|a RBX
|
| 999 |
|
|
|c 2730002
|d 2731932
|